| 000 | 00383nam a2200133Ia 4500 | ||
|---|---|---|---|
| 008 | 151213s9999 xx 000 0 und d | ||
| 100 | _aZillur Rahman Siddiqui | ||
| 245 |
_aEnglish Bengali Dictionary : Bangla Academy . _cZillur Rahman Siddiqui |
||
| 260 |
_aDhaka _bBangla Academy _c1993 |
||
| 300 | _a1906 p. | ||
| 650 | _aEnglish | ||
| 700 | _aZillur Rahman Siddiqui | ||
| 999 |
_c1410 _d1410 |
||